00761ngm a2200169 a 450000100080000000500110000800800410001924500220006026000430008230000210012550001480014652002360029465000160053065000130054665000200055965000120057910265752025-08-11 2008 bl --- 0-- m #d aREDE AGRICULTURA. aVitória, ES : SEAG/ES, [2008?].c2008 c1 DVD (02'04''). aCoordenação de jornalismo: Veronica Salazar. Reportagem: Carla Einsfeld. Imagem: Leonardo Picinati. Edição de imagens: Jefferson Rodrigues. aPrograma de Valorização da Juventude Rural. 1 Encontro Estadual da Juventude Rural. Edmauro Oliveira Lopes, coordenador de Juventude, entrevistado Julio Cezar Mendel, coordenador da Comissão Estadual da Juventude Rural (FETAES) aAgricultura aHistoria aJuventude Rural aMercado